[Event "BL 2425 OSG Baden-Baden - Hamburger SK"]
[Site "?"]
[Date "2025.02.22"]
[Round "9.5"]
[White "Kramer, Julian"]
[Black "Shirov, Alexei"]
[Result "0-1"]
[WhiteElo "2480"]
[BlackElo "2648"]
[PlyCount "170"]
[EventDate "2025.??.??"]

1. e4 c5 2. Nf3 d6 3. d4 cxd4 4. Nxd4 Nf6 5. Bd3 g6 6. c4 Bg7 7. Nc3 Nc6 8. Nde2 Ng4 9. O-O Nge5 10. b3 Nxd3 11. Qxd3 f5 12. exf5 Bxf5 13. Qd2 Ne5 14. Nd4 Qd7 15. Nxf5 Qxf5 16. Bb2 Nd3 17. Na4 Nxb2 18. Nxb2 O-O 19. Rae1 Rf7 20. Nd1 Qc5 21. Re4 Raf8 22. Qe2 Be5 23. Nb2 Bxb2 24. Qxb2 b5 25. Qe2 bxc4 26. Rxc4 Qb6 27. Qe6 Kg7 28. Rc2 Qd4 29. g3 h5 30. Qe2 e5 31. Rd2 Qb4 32. Qd3 Rf6 33. Re2 h4 34. Re4 Qb6 35. Qe3 Qxe3 36. Rxe3 g5 37. h3 hxg3 38. Rxg3 Kh6 39. Re3 Rc8 40. Rfe1 Kh5 41. R1e2 g4 42. Rd2 gxh3 43. Rxh3+ Kg4 44. Rhd3 Rc6 45. Kg2 e4 46. Rd4 Kf4 47. Rc4 Ra6 48. Rcd4 Rh6 49. Rc2 Ra5 50. Kf1 Rg5 51. Ke2 Rg2 52. Rc8 Ke5 53. Ra4 Rf6 54. Re8+ Kd5 55. Ra5+ Kd4 56. Ra4+ Kc3 57. Rc8+ Kb2 58. Rxe4 d5 59. Ra4 Rfxf2+ 60. Ke3 Re2+ 61. Kd4 Rd2+ 62. Ke3 Rge2+ 63. Kf3 Re7 64. Ra8 d4 65. Rd8 Re3+ 66. Kf4 Rf2+ 67. Kg4 d3 68. Rxa7 d2 69. Rad7 Kc2 70. b4 Re1 71. Rc7+ Kb1 72. Rcd7 Rg1+ 73. Kh3 Rf6 74. Kh2 Rg4 75. Kh3 Rg1 76. Kh2 Rg5 77. Rh7 Kc2 78. Rc7+ Kd1 79. Rh7 Ke2 80. Re7+ Kf1 81. Rh7 Rf2+ 82. Kh3 Rg8 83. Rhd7 Rf3+ 84. Kh2 Rg2+ 85. Kh1 Rh3# 0-1

[Event "BL 2425 OSG Baden-Baden - Hamburger SK"]
[Site "?"]
[Date "2025.02.22"]
[Round "9.6"]
[White "Donchenko, Alexander"]
[Black "Zwirs, Nico"]
[Result "1/2-1/2"]
[WhiteElo "2632"]
[BlackElo "2476"]
[PlyCount "73"]
[EventDate "2025.??.??"]

1. d4 d5 2. c4 e6 3. Nf3 Nf6 4. g3 Be7 5. Bg2 O-O 6. Nc3 c6 7. O-O a5 8. Nd2 b5 9. cxb5 cxb5 10. Nxb5 Qb6 11. Nc3 Qxd4 12. e4 Nc6 13. exd5 Nxd5 14. Nde4 Ba6 15. Qxd4 Nxd4 16. Rd1 Nxc3 17. Nxc3 Rad8 18. Bf4 Bb4 19. Be5 Ne2+ 20. Nxe2 Bxe2 21. Rdc1 f6 22. Bc3 Bxc3 23. Rxc3 Rd2 24. b3 Rfd8 25. h4 Rd1+ 26. Rxd1 Rxd1+ 27. Kh2 Rd2 28. a4 Bd1 29. Kg1 Rc2 30. Rd3 Rc1 31. Kh2 f5 32. Rd8+ Kf7 33. Rb8 Rc2 34. Kg1 Rc1 35. Kh2 Rc2 36. Rd8 Rc1 37. Rb8 1/2-1/2

[Event "BL 2425 OSG Baden-Baden - Hamburger SK"]
[Site "?"]
[Date "2025.02.22"]
[Round "9.7"]
[White "Heinemann, Thies"]
[Black "Hagner, Bennet"]
[Result "0-1"]
[WhiteElo "2419"]
[BlackElo "2416"]
[PlyCount "108"]
[EventDate "2025.??.??"]

1. e4 e5 2. Nf3 Nc6 3. Bb5 a6 4. Bxc6 dxc6 5. O-O Bd6 6. d4 exd4 7. Qxd4 f6 8. Nbd2 Be6 9. b3 c5 10. Qe3 Ne7 11. Bb2 O-O 12. Rad1 Qe8 13. Rfe1 Qf7 14. c4 Nc6 15. a4 Rfe8 16. Nf1 b6 17. Bc3 Re7 18. Qd3 Rd8 19. Qb1 Bg4 20. Rd3 Red7 21. Kh1 Bf4 22. Rxd7 Qxd7 23. Ng1 Qd3 24. Qb2 Bd1 25. Ne2 Bxe2 26. Rxe2 Bc1 27. Qc2 Qxc2 28. Rxc2 Rd1 29. Kg1 Nd4 30. Ra2 Nxb3 31. a5 Rd3 32. Be1 Rd1 33. Bc3 Rd3 34. Be1 Nd4 35. Ne3 Bxe3 36. fxe3 Rxe3 37. Kf2 Rxe4 38. axb6 cxb6 39. Rxa6 Nc2 40. Bd2 Rxc4 41. Rxb6 h5 42. Rc6 Nd4 43. Rc8+ Kf7 44. Ke3 Nb3 45. Rc7+ Kg6 46. Be1 Rc2 47. Kf3 Nd4+ 48. Kg3 Ne6 49. Rc6 Kf5 50. Ba5 h4+ 51. Kxh4 Rxg2 52. Bc7 Rg4+ 53. Kh5 g6+ 54. Kh6 Rh4# 0-1

[Event "BL 2425 OSG Baden-Baden - Hamburger SK"]
[Site "?"]
[Date "2025.02.22"]
[Round "9.8"]
[White "Kocharin, Timur"]
[Black "Garner, Isaac"]
[Result "1/2-1/2"]
[WhiteElo "2264"]
[BlackElo "2329"]
[PlyCount "122"]
[EventDate "2025.??.??"]

1. d4 Nf6 2. c4 e6 3. Nc3 Bb4 4. e3 O-O 5. Bd3 d5 6. a3 Bxc3+ 7. bxc3 dxc4 8. Bxc4 c5 9. Nf3 Qc7 10. Be2 b6 11. O-O Bb7 12. Bb2 Nbd7 13. c4 Rfd8 14. Re1 Rac8 15. Rc1 Qb8 16. Qb3 Qa8 17. a4 Ne4 18. Red1 Nf8 19. Ne5 Ng6 20. f3 Nf6 21. Nxg6 hxg6 22. a5 bxa5 23. Qa3 cxd4 24. Bxd4 Bc6 25. Qxa5 Rd7 26. Bxf6 Rxd1+ 27. Rxd1 gxf6 28. Ra1 Qb8 29. Qxa7 Qb2 30. Qa2 Qe5 31. Kf2 Qxh2 32. Qa6 Ra8 33. Qxa8+ Bxa8 34. Rxa8+ Kg7 35. Rc8 f5 36. c5 f4 37. exf4 Qxf4 38. c6 Qd4+ 39. Kf1 Kf6 40. Ra8 Qc5 41. Ra6 g5 42. g3 Ke5 43. Kg2 Kd6 44. Kf1 Qe3 45. g4 Ke5 46. Ra4 Qc1+ 47. Kf2 Qc5+ 48. Kf1 Qxc6 49. Rc4 Qb6 50. Ra4 f5 51. gxf5 exf5 52. f4+ gxf4 53. Ra3 Qc5 54. Rf3 Qc1+ 55. Kf2 Qh1 56. Rd3 Qh6 57. Rf3 Qc6 58. Rh3 Qc2 59. Rf3 Ke4 60. Rh3 Qc5+ 61. Kf1 Qc1+ 1/2-1/2

[Event "BL 2425 FC Bayern München - SG Solingen"]
[Site "?"]
[Date "2025.02.22"]
[Round "9.1"]
[White "Warmerdam, Max"]
[Black "Fedoseev, Vladimir"]
[Result "0-1"]
[WhiteElo "2638"]
[BlackElo "2724"]
[PlyCount "60"]
[EventDate "2025.??.??"]

1. c4 e6 2. Nc3 d5 3. d4 Be7 4. cxd5 exd5 5. Bf4 c6 6. e3 Bf5 7. g4 Be6 8. h4 Nd7 9. Be2 h6 10. a3 Ngf6 11. f3 Nb6 12. Bd3 Nc4 13. Qc2 Nd7 14. h5 b5 15. Nge2 a5 16. Kf2 O-O 17. Ng3 Re8 18. Nce2 Rc8 19. Rad1 c5 20. Qb1 Bf6 21. Bxc4 bxc4 22. Nf5 Bxf5 23. Qxf5 cxd4 24. exd4 Nf8 25. Rd2 Ne6 26. Bg3 Bg5 27. Rc2 Rc6 28. Rd1 Rb6 29. Kg2 g6 30. hxg6 fxg6 0-1

[Event "BL 2425 FC Bayern München - SG Solingen"]
[Site "?"]
[Date "2025.02.22"]
[Round "9.2"]
[White "Idani, Pouya"]
[Black "Harikrishna, Pentala"]
[Result "0-1"]
[WhiteElo "2616"]
[BlackElo "2695"]
[PlyCount "82"]
[EventDate "2025.??.??"]

1. e4 e5 2. Nf3 Nc6 3. Bb5 a6 4. Ba4 Nf6 5. d3 b5 6. Bb3 Be7 7. a3 O-O 8. Nc3 Nd4 9. Nxe5 Nxb3 10. cxb3 Bb7 11. Nf3 c5 12. O-O Re8 13. Re1 h6 14. h3 Qb6 15. Ne2 Bf8 16. Bf4 Nh5 17. Bh2 d5 18. e5 d4 19. Nf4 Nxf4 20. Bxf4 Qc6 21. Rc1 Qd5 22. Bg3 a5 23. Re4 a4 24. bxa4 Rxa4 25. Kh2 Ra6 26. Nd2 Rc8 27. f4 Qe6 28. Re1 c4 29. Nf3 c3 30. Rc2 Rd8 31. Nh4 Qb3 32. Qb1 b4 33. bxc3 Qxb1 34. Rxb1 dxc3 35. axb4 Rxd3 36. Rb3 g5 37. fxg5 hxg5 38. Nf3 Bxf3 39. gxf3 Rd2+ 40. Rxd2 cxd2 41. Rb1 Rc6 0-1

[Event "BL 2425 FC Bayern München - SG Solingen"]
[Site "?"]
[Date "2025.02.22"]
[Round "9.3"]
[White "L'Ami, Erwin"]
[Black "Dragnev, Valentin"]
[Result "1/2-1/2"]
[WhiteElo "2620"]
[BlackElo "2550"]
[PlyCount "76"]
[EventDate "2025.??.??"]

1. d4 Nf6 2. c4 e6 3. Nc3 Bb4 4. e3 O-O 5. a3 Bxc3+ 6. bxc3 c5 7. Bd3 Nc6 8. Rb1 h6 9. Ne2 b6 10. e4 Ba6 11. O-O Na5 12. e5 Nh7 13. dxc5 Bxc4 14. cxb6 axb6 15. Be3 Bxd3 16. Qxd3 Qc7 17. Bxb6 Qc4 18. Qe3 Rfc8 19. Nd4 Qa4 20. Rb4 Qxa3 21. Nb5 Qa2 22. Rg4 h5 23. Rg3 Nc4 24. Qh6 g6 25. Bd4 Ra5 26. Nd6 Nxd6 27. exd6 e5 28. Be3 Rb5 29. Qxh5 Qc2 30. Qh6 Rb1 31. Bc1 Rxc3 32. Rxc3 Qxc3 33. h4 Nf6 34. Qg5 Kg7 35. Qh6+ Kg8 36. Qg5 Kg7 37. Qh6+ Kg8 38. Qg5 Kg7 1/2-1/2

[Event "BL 2425 FC Bayern München - SG Solingen"]
[Site "?"]
[Date "2025.02.22"]
[Round "9.4"]
[White "Blohberger, Felix"]
[Black "Ragger, Markus"]
[Result "1/2-1/2"]
[WhiteElo "2532"]
[BlackElo "2580"]
[PlyCount "44"]
[EventDate "2025.??.??"]

1. Nf3 d5 2. g3 g6 3. Bg2 Bg7 4. d4 Nf6 5. O-O O-O 6. c4 dxc4 7. Na3 c5 8. dxc5 c3 9. Nb5 Na6 10. c6 cxb2 11. Bxb2 bxc6 12. Ne5 Qxd1 13. Raxd1 Rb8 14. Nxc6 Rxb5 15. Nxe7+ Kh8 16. Bxf6 Bxf6 17. Nxc8 Rxc8 18. Rd6 Rb6 19. Rxb6 axb6 20. Bb7 Rc2 21. Bxa6 Rxa2 22. Bd3 Ra1 1/2-1/2

[Event "BL 2425 FC Bayern München - SG Solingen"]
[Site "?"]
[Date "2025.02.22"]
[Round "9.5"]
[White "Andersen, Mads"]
[Black "Lokander, Martin"]
[Result "1-0"]
[WhiteElo "2584"]
[BlackElo "2473"]
[PlyCount "71"]
[EventDate "2025.??.??"]

1. e4 e5 2. Nf3 Nc6 3. Bb5 f5 4. d3 fxe4 5. dxe4 Nf6 6. O-O d6 7. Bc4 Bg4 8. h3 Bh5 9. Nc3 Qd7 10. Nd5 O-O-O 11. Qd3 Kb8 12. a4 h6 13. a5 Ne7 14. Nxf6 gxf6 15. a6 b6 16. Nh4 d5 17. exd5 Nxd5 18. c3 c6 19. Kh1 Bf7 20. Rd1 Bd6 21. Qf3 Be6 22. Bd3 Ne7 23. Bc2 f5 24. Qh5 Rh7 25. b3 Bf7 26. Qe2 Qe6 27. Ba3 c5 28. Bxc5 e4 29. Bxd6+ Rxd6 30. Rxd6 Qxd6 31. Rd1 Qf6 32. Bxe4 Qxh4 33. Bxf5 Nxf5 34. Qe5+ Ka8 35. Qe4+ Qxe4 36. Rd8# 1-0

[Event "BL 2425 FC Bayern München - SG Solingen"]
[Site "?"]
[Date "2025.02.22"]
[Round "9.6"]
[White "Johansson, Linus"]
[Black "Van Wely, Loek"]
[Result "1-0"]
[WhiteElo "2386"]
[BlackElo "2612"]
[PlyCount "107"]
[EventDate "2025.??.??"]

1. d4 d5 2. c4 c6 3. Nf3 Nf6 4. e3 a6 5. Nc3 b5 6. b3 Bg4 7. h3 Bxf3 8. gxf3 Nbd7 9. f4 e6 10. c5 a5 11. Bd3 g6 12. Qc2 Bg7 13. Bd2 Qc7 14. O-O-O Ng8 15. a4 bxa4 16. Nxa4 Ne7 17. Kb2 O-O 18. Ra1 Rfb8 19. Ra3 Nf5 20. Bxf5 exf5 21. Rha1 Qd8 22. Nc3 Bf6 23. Nd1 Rb5 24. Kc1 Qb8 25. b4 Bd8 26. Nb2 Qa7 27. Nd3 Rab8 28. f3 Qa6 29. Bc3 Nf8 30. Kd2 Ne6 31. Ra4 g5 32. Rg1 h6 33. fxg5 hxg5 34. h4 f6 35. f4 g4 36. Rga1 Qc8 37. bxa5 Ra8 38. a6 Nc7 39. Nf2 Rxa6 40. Rxa6 Nxa6 41. Nh1 Nb4 42. Qa4 Ba5 43. Ng3 Qa6 44. Kc1 Qc8 45. Bxb4 Bxb4 46. Nxf5 Qc7 47. Qa8+ Rb8 48. Qxc6 Qxc6 49. Ne7+ Kf7 50. Nxc6 Rb5 51. Kd1 Bc3 52. Ra7+ Ke6 53. Ne7 f5 54. Ng8 1-0

[Event "BL 2425 FC Bayern München - SG Solingen"]
[Site "?"]
[Date "2025.02.22"]
[Round "9.7"]
[White "Krastev, Alexander"]
[Black "Lindgren, Philip"]
[Result "0-1"]
[WhiteElo "2434"]
[BlackElo "2393"]
[PlyCount "52"]
[EventDate "2025.??.??"]

1. e4 c6 2. d4 d5 3. exd5 cxd5 4. Nf3 Nc6 5. c3 Qc7 6. Bd3 Bg4 7. O-O e6 8. Re1 Bd6 9. h3 Bh5 10. a4 Nge7 11. Na3 a6 12. Nc2 Rd8 13. Ne3 f6 14. Ng4 Bf7 15. c4 dxc4 16. Bxc4 Nxd4 17. Bh6 gxh6 18. Nxf6+ Kf8 19. Nxd4 Qxc4 20. Re4 Be5 21. Nxe6+ Qxe6 22. Qxd8+ Kg7 23. Rg4+ Bg6 24. Nh5+ Kf7 25. Qd2 Bxh5 26. Re4 Bh2+ 0-1

[Event "BL 2425 FC Bayern München - SG Solingen"]
[Site "?"]
[Date "2025.02.22"]
[Round "9.8"]
[White "Rafiee, Makan"]
[Black "Naumann, Alexander"]
[Result "0-1"]
[WhiteElo "2279"]
[BlackElo "2470"]
[PlyCount "68"]
[EventDate "2025.??.??"]

1. e4 c5 2. Nf3 e6 3. d4 cxd4 4. Nxd4 Nc6 5. Nc3 Qc7 6. Be3 a6 7. Bd3 Nf6 8. O-O b5 9. Nxc6 Qxc6 10. Be2 Bd6 11. Qd4 Bb7 12. Bf3 Qc7 13. h3 O-O 14. Rfd1 Bh2+ 15. Kh1 Be5 16. Qb4 Bxc3 17. bxc3 Rac8 18. Rd3 d5 19. exd5 Bxd5 20. Bf4 Qc4 21. Bd6 Rfe8 22. Qa5 Bxf3 23. Rxf3 Qc6 24. Bb4 Nd5 25. a4 Ra8 26. Rd1 f6 27. Rd4 e5 28. Rd2 e4 29. Rf5 Re5 30. Rxe5 fxe5 31. Kg1 h6 32. Rd1 e3 33. fxe3 Nxe3 34. Rd2 Kh7 0-1

[Event "BL 2425 SV Deggendorf - Düsseldorfer SK"]
[Site "?"]
[Date "2025.02.22"]
[Round "9.1"]
[White "So, Wesley"]
[Black "Indjic, Aleksandar"]
[Result "1/2-1/2"]
[WhiteElo "2747"]
[BlackElo "2650"]
[PlyCount "119"]
[EventDate "2025.??.??"]

1. d4 Nf6 2. c4 e6 3. Nc3 Bb4 4. e3 O-O 5. Bd3 c5 6. Nge2 d5 7. cxd5 cxd4 8. exd4 Nxd5 9. a3 Ba5 10. O-O Nc6 11. Bc2 Nce7 12. Qd3 g6 13. Bg5 f6 14. Bd2 Bc7 15. Rfe1 Bd7 16. Ng3 Rc8 17. Bb3 Bxg3 18. hxg3 Kg7 19. Re4 Rf7 20. Rae1 Rc6 21. R4e2 Bc8 22. Ba4 Ra6 23. Bb5 Nxc3 24. bxc3 Rxa3 25. Qb1 h5 26. Qb2 Ra5 27. c4 Rxb5 28. Qxb5 Qxd4 29. Be3 Qd7 30. Bxa7 Qxb5 31. cxb5 Nd5 32. Rc2 Bd7 33. b6 Rf8 34. Rc5 Kf7 35. f4 Rc8 36. Rxc8 Bxc8 37. Kf2 Bd7 38. Rc1 Ke8 39. Bb8 Ke7 40. Rc2 Bb5 41. Rc8 Kd7 42. Rf8 Bd3 43. Bc7 Kc6 44. Bd8 Kd7 45. Bc7 Kc6 46. Rf7 Bf5 47. Bd8 Be4 48. Bxf6 Kxb6 49. Bd4+ Kc6 50. Rf8 b6 51. Re8 Kd7 52. Rb8 Kc6 53. Be5 Kc5 54. Re8 Bf5 55. Ke2 Kc4 56. Rc8+ Kb3 57. Rb8 Kc4 58. Rc8+ Kb3 59. Rb8 Kc4 60. Rc8+ 1/2-1/2

[Event "BL 2425 SV Deggendorf - Düsseldorfer SK"]
[Site "?"]
[Date "2025.02.22"]
[Round "9.3"]
[White "Giri, Anish"]
[Black "Petrov, Martin"]
[Result "1-0"]
[WhiteElo "2728"]
[BlackElo "2544"]
[PlyCount "79"]
[EventDate "2025.??.??"]

1. Nf3 c5 2. c4 Nc6 3. Nc3 Nf6 4. g3 d5 5. cxd5 Nxd5 6. Bg2 Nc7 7. a3 Bd7 8. d4 cxd4 9. Nxd4 g6 10. Nxc6 Bxc6 11. Bxc6+ bxc6 12. Qxd8+ Rxd8 13. Be3 Bg7 14. Bxa7 Nb5 15. Nxb5 cxb5 16. Rb1 O-O 17. Bc5 Rd5 18. b4 Bc3+ 19. Kf1 Rd2 20. Rb3 Bf6 21. Re3 Rfd8 22. Bxe7 Bxe7 23. Rxe7 Kf8 24. Re3 Re8 25. Rxe8+ Kxe8 26. g4 Ra2 27. Kg2 Rxa3 28. Rd1 Rb3 29. Rd4 g5 30. Rd5 Rxb4 31. Rxg5 f6 32. Rg7 Kf8 33. Rxh7 Rxg4+ 34. Kf3 Rc4 35. Rb7 b4 36. Kg3 Re4 37. e3 Kg8 38. h4 f5 39. Rb5 f4+ 40. Kf3 1-0

[Event "BL 2425 SV Deggendorf - Düsseldorfer SK"]
[Site "?"]
[Date "2025.02.22"]
[Round "9.4"]
[White "Bogosavljevic, Boban"]
[Black "Yu, Yangyi"]
[Result "1/2-1/2"]
[WhiteElo "2481"]
[BlackElo "2715"]
[PlyCount "178"]
[EventDate "2025.??.??"]

1. Nf3 Nf6 2. c4 b6 3. g3 Bb7 4. Bg2 g6 5. O-O Bg7 6. d4 O-O 7. Nc3 Ne4 8. Nxe4 Bxe4 9. Be3 d6 10. Qd2 c5 11. Bh6 Nd7 12. Bxg7 Kxg7 13. Rac1 Nf6 14. Rfd1 Qc7 15. Qe3 Qb7 16. Bh3 Rfe8 17. b3 Bc6 18. Qc3 Kg8 19. Re1 cxd4 20. Nxd4 Be4 21. Nb5 Rad8 22. Red1 Qb8 23. Qe3 Ba8 24. Nc3 Qb7 25. Nd5 Nxd5 26. cxd5 e6 27. Qg5 exd5 28. Rd4 Qe7 29. Qxe7 Rxe7 30. e3 Kf8 31. Bg2 Ke8 32. Bxd5 Bxd5 33. Rxd5 Re5 34. Rd4 Rc5 35. Rcd1 Rc2 36. R1d2 Rxd2 37. Rxd2 Kd7 38. Rc2 Re8 39. Kf1 Re5 40. Ke2 Rc5 41. Kd3 Ke6 42. Rc4 d5 43. Ra4 a5 44. Rh4 h5 45. Kd2 f5 46. Rd4 g5 47. h4 g4 48. Rf4 Rc8 49. Rd4 Kd6 50. Rf4 Ke5 51. Rd4 Rd8 52. Kd3 Re8 53. Kd2 Kd6 54. Rf4 Re5 55. Kd3 Ke6 56. Rd4 Re4 57. Kc3 Ke5 58. Rd2 Kd6 59. Rd1 Re8 60. Rd4 Re4 61. Rd1 b5 62. Rd2 Re8 63. Rd4 Re4 64. Rd2 Kc5 65. Rd1 Re8 66. Rd4 Re4 67. Rd1 Kd6 68. Rd2 b4+ 69. Kc2 Re8 70. Rd4 Ke5 71. Kd2 Rd8 72. Kc2 Rb8 73. Kd2 Rc8 74. Rf4 Ra8 75. Rd4 Ra6 76. Rf4 Rc6 77. Rd4 Rd6 78. Kc2 Re6 79. Kd2 Kd6 80. Rf4 Re5 81. Kc2 Ke6 82. Kd2 Re4 83. Rxe4+ fxe4 84. Ke2 Ke5 85. Kd2 d4 86. Ke2 Kd5 87. Kd2 a4 88. Kc2 d3+ 89. Kd2 a3 1/2-1/2

[Event "BL 2425 SV Deggendorf - Düsseldorfer SK"]
[Site "?"]
[Date "2025.02.22"]
[Round "9.5"]
[White "Sindarov, Javokhir"]
[Black "Delchev, Aleksander"]
[Result "1-0"]
[WhiteElo "2700"]
[BlackElo "2465"]
[PlyCount "65"]
[EventDate "2025.??.??"]

1. c4 e6 2. Nf3 d5 3. g3 Nf6 4. Bg2 Be7 5. O-O O-O 6. d3 c5 7. Ne5 Nbd7 8. Nxd7 Bxd7 9. e4 dxe4 10. dxe4 Bc6 11. Qe2 Nd7 12. f4 Qc7 13. Nc3 a6 14. Be3 Rad8 15. g4 Rfe8 16. g5 Nf8 17. h4 f5 18. h5 fxe4 19. Nxe4 b5 20. b3 bxc4 21. bxc4 Ba8 22. Rae1 Rd7 23. Qg4 g6 24. hxg6 hxg6 25. Nf2 Bxg2 26. Qxg2 Qb7 27. Rb1 Qxg2+ 28. Kxg2 Red8 29. Rb6 Rd6 30. Rfb1 Nd7 31. Rb7 e5 32. fxe5 Re6 33. Rd1 1-0

[Event "BL 2425 SV Deggendorf - Düsseldorfer SK"]
[Site "?"]
[Date "2025.02.22"]
[Round "9.6"]
[White "Popovic, Dusan"]
[Black "Van Foreest, Jorden"]
[Result "1/2-1/2"]
[WhiteElo "2494"]
[BlackElo "2688"]
[PlyCount "82"]
[EventDate "2025.??.??"]

1. Nf3 d5 2. g3 Nc6 3. d4 Bf5 4. Bg2 Nb4 5. Na3 e6 6. Nh4 Be4 7. f3 Bg6 8. c3 Nc6 9. Qb3 Rb8 10. e4 b5 11. Nb1 Bh5 12. f4 Be7 13. exd5 Na5 14. Qc2 Bxh4 15. gxh4 Qxh4+ 16. Qf2 Qxf2+ 17. Kxf2 exd5 18. b4 Nc4 19. Bxd5 Kd7 20. Nd2 Nb6 21. Bg2 Nf6 22. Re1 Rhe8 23. Ne4 Nxe4+ 24. Bxe4 Nc4 25. Bf5+ Kc6 26. Be4+ Kd7 27. Bf5+ Kd6 28. Bd3 Rxe1 29. Kxe1 Nb6 30. f5 a6 31. Kf2 g6 32. Bf4+ Kd7 33. Re1 Bg4 34. Re5 Rg8 35. Be4 Na4 36. Rd5+ Kc8 37. Bc2 Rd8 38. Rxd8+ Kxd8 39. fxg6 hxg6 40. Bxa4 bxa4 41. d5 Kd7 1/2-1/2

[Event "BL 2425 SV Deggendorf - Düsseldorfer SK"]
[Site "?"]
[Date "2025.02.22"]
[Round "9.7"]
[White "Sadhwani, Raunak"]
[Black "Sedlak, Nikola"]
[Result "1-0"]
[WhiteElo "2666"]
[BlackElo "2460"]
[PlyCount "39"]
[EventDate "2025.??.??"]

1. e4 e5 2. Nf3 Nc6 3. Bb5 a6 4. Ba4 Nf6 5. O-O Nxe4 6. d4 Be7 7. Re1 b5 8. Rxe4 d5 9. Nxe5 Nxe5 10. Rxe5 bxa4 11. Qe2 Be6 12. f4 Kf8 13. b3 Bd6 14. Ba3 Qf6 15. Qd2 h6 16. Bxd6+ cxd6 17. Re2 Bg4 18. Rf2 Rb8 19. Nc3 Rb4 20. Nxd5 1-0

[Event "BL 2425 SV Deggendorf - Düsseldorfer SK"]
[Site "?"]
[Date "2025.02.22"]
[Round "9.8"]
[White "Stojanovic, Dalibor"]
[Black "Gustafsson, Jan"]
[Result "1/2-1/2"]
[WhiteElo "2449"]
[BlackElo "2597"]
[PlyCount "79"]
[EventDate "2025.??.??"]

1. e4 e5 2. Nf3 Nc6 3. Bc4 Nf6 4. d3 Bc5 5. Bg5 h6 6. Bh4 Be7 7. Bg3 d6 8. a4 O-O 9. Nbd2 Kh8 10. a5 a6 11. c3 Nh7 12. Qb3 f5 13. exf5 Rxf5 14. O-O Rf8 15. Rfe1 Ng5 16. Nxg5 Bxg5 17. Nf3 Bf6 18. Be6 Bxe6 19. Qxe6 Qc8 20. Qd5 Ne7 21. Qe4 Nf5 22. d4 exd4 23. cxd4 Re8 24. Qd5 Re7 25. Rac1 c6 26. Qc4 Qd7 27. Rxe7 Qxe7 28. Re1 Qd7 29. Qd3 Rf8 30. Bf4 Ne7 31. Bd2 Qf5 32. Qxf5 Nxf5 33. Bc3 Kg8 34. Kf1 Kf7 35. Ke2 h5 36. Kd3 g5 37. h3 g4 38. hxg4 hxg4 39. Nd2 Rg8 40. g3 1/2-1/2

[Event "BL 2425 SC Heimbach-Weis-Neuwied - USV T"]
[Site "?"]
[Date "2025.02.22"]
[Round "9.1"]
[White "Bartel, Mateusz"]
[Black "Livaic, Leon"]
[Result "1/2-1/2"]
[WhiteElo "2629"]
[BlackElo "2569"]
[PlyCount "53"]
[EventDate "2025.??.??"]

1. d4 d6 2. e4 Nf6 3. Nc3 e5 4. Nf3 Nbd7 5. Bc4 Be7 6. O-O O-O 7. a4 exd4 8. Qxd4 Nc5 9. h3 c6 10. Rd1 Be6 11. Be3 Qc7 12. Bxe6 Nxe6 13. Qc4 Rfe8 14. Nd4 Bf8 15. Nf5 h5 16. Bd4 Nxd4 17. Rxd4 Re6 18. Rad1 g6 19. Nh4 Qe7 20. a5 Re8 21. a6 d5 22. exd5 cxd5 23. Nxd5 Nxd5 24. Qxd5 Bg7 25. Rc4 Rxa6 26. b3 Be5 27. g3 1/2-1/2

[Event "BL 2425 SC Heimbach-Weis-Neuwied - USV T"]
[Site "?"]
[Date "2025.02.22"]
[Round "9.2"]
[White "Kraemer, Martin"]
[Black "Vogel, Roven"]
[Result "0-1"]
[WhiteElo "2582"]
[BlackElo "2550"]
[PlyCount "88"]
[EventDate "2025.??.??"]

1. d4 Nf6 2. c4 e6 3. Nc3 d5 4. cxd5 exd5 5. Bg5 c6 6. e3 h6 7. Bh4 Be7 8. Bd3 O-O 9. Nge2 Nbd7 10. O-O Nh5 11. Bxe7 Qxe7 12. Qd2 Re8 13. Rae1 Nf8 14. Nc1 Be6 15. f3 Rad8 16. Qf2 b6 17. N1e2 Nf6 18. a3 c5 19. Nf4 Qd6 20. Qd2 Bc8 21. b4 Bd7 22. Nb5 Qb8 23. bxc5 bxc5 24. dxc5 Bxb5 25. Rb1 a6 26. a4 d4 27. axb5 dxe3 28. Qb4 g5 29. b6 gxf4 30. Bxa6 Qe5 31. Rfd1 Rxd1+ 32. Rxd1 e2 33. Re1 Qe3+ 34. Kh1 Nd5 35. Qb1 Qxc5 36. b7 Qb4 37. Bxe2 Nd7 38. g3 Qa5 39. Qa1 Qxa1 40. Rxa1 Rxe2 41. Ra8+ Kg7 42. Rd8 Ne3 43. Kg1 Rg2+ 44. Kh1 Rf2 0-1

[Event "BL 2425 SC Heimbach-Weis-Neuwied - USV T"]
[Site "?"]
[Date "2025.02.22"]
[Round "9.3"]
[White "Michalik, Peter"]
[Black "Nasuta, Grzegorz"]
[Result "1/2-1/2"]
[WhiteElo "2567"]
[BlackElo "2506"]
[PlyCount "147"]
[EventDate "2025.??.??"]

1. d4 d5 2. c4 c6 3. Nf3 Nf6 4. g3 Bg4 5. Ne5 Bf5 6. cxd5 cxd5 7. Nc3 Nc6 8. f3 Rc8 9. Bf4 g6 10. Nxc6 Rxc6 11. e4 dxe4 12. d5 Rxc3 13. bxc3 a6 14. g4 Bc8 15. fxe4 Bxg4 16. Qa4+ Bd7 17. Qd4 Bg7 18. Be5 O-O 19. Be2 Ne8 20. Bxg7 Nxg7 21. h4 Qc7 22. O-O-O Rc8 23. Kb2 e5 24. Qe3 Qc5 25. Qg3 Bb5 26. Bg4 Rd8 27. Qxe5 h5 28. Bh3 Qf2+ 29. Ka1 Bc4 30. Qh2 Qxh4 31. Rd4 b5 32. Qd2 Qg3 33. Bf1 Qf3 34. Bg2 Qg3 35. Re1 Qe5 36. Bf1 Bxf1 37. Rxf1 Ne8 38. Qf4 Qxf4 39. Rxf4 f6 40. c4 bxc4 41. Rxc4 Kg7 42. Kb2 g5 43. Rf1 Kg6 44. Kc3 Nd6 45. Ra4 h4 46. Rxa6 Nxe4+ 47. Kd4 Nd6 48. Kc5 Ne4+ 49. Kd4 Nd6 50. Kc5 Nf5 51. Ra3 g4 52. Rd3 h3 53. a4 h2 54. Rh1 Rh8 55. d6 g3 56. d7 g2 57. Rdd1 gxh1=Q 58. Rxh1 Ng7 59. Kc6 Ne6 60. a5 Kf7 61. a6 Rh3 62. a7 Rc3+ 63. Kb6 Rb3+ 64. Kc6 Rc3+ 65. Kb6 Rb3+ 66. Kc6 Ra3 67. Kb6 Ke7 68. Rxh2 Kxd7 69. Rd2+ Ke7 70. Re2 f5 71. Kb7 Rb3+ 72. Kc6 Rc3+ 73. Kb7 Rb3+ 74. Kc6 1/2-1/2

[Event "BL 2425 SC Heimbach-Weis-Neuwied - USV T"]
[Site "?"]
[Date "2025.02.22"]
[Round "9.4"]
[White "Krejci, Jan"]
[Black "Maiwald, Jens-Uwe"]
[Result "1/2-1/2"]
[WhiteElo "2532"]
[BlackElo "2415"]
[PlyCount "66"]
[EventDate "2025.??.??"]

1. d4 Nf6 2. c4 e6 3. Nc3 Bb4 4. e3 c5 5. Bd3 Nc6 6. Nge2 cxd4 7. exd4 d5 8. a3 dxc4 9. Bxc4 Bxc3+ 10. bxc3 h6 11. O-O O-O 12. Ng3 b6 13. f4 Bb7 14. Ba2 Rc8 15. f5 e5 16. Bb2 exd4 17. cxd4 Na5 18. d5 Nc4 19. Bxf6 Qxf6 20. Nh5 Qg5 21. h4 Qe3+ 22. Kh1 Qe5 23. Re1 Qxf5 24. Qd4 Qxh5 25. Bxc4 Rfd8 26. Rad1 Rd6 27. Re5 Qg6 28. Bd3 Qg3 29. Re3 Rxd5 30. Rxg3 Rxd4 31. Bh7+ Kxh7 32. Rxd4 Rc7 33. a4 Bc8 1/2-1/2

[Event "BL 2425 SC Heimbach-Weis-Neuwied - USV T"]
[Site "?"]
[Date "2025.02.22"]
[Round "9.5"]
[White "Loxine, Jakov"]
[Black "Ferreira, Jorge Viterbo"]
[Result "0-1"]
[WhiteElo "2392"]
[BlackElo "2527"]
[PlyCount "106"]
[EventDate "2025.??.??"]

1. Nf3 Nf6 2. g3 b6 3. Bg2 Bb7 4. O-O g6 5. d4 Bg7 6. c4 O-O 7. d5 Na6 8. Nc3 Nc5 9. Qc2 c6 10. dxc6 Bxc6 11. b4 Nce4 12. Bb2 Nd6 13. Nd2 Bxg2 14. Kxg2 Rc8 15. Qd3 Qc7 16. Nd5 Nxd5 17. Bxg7 Nxb4 18. Qc3 Rfe8 19. Bh6 Nf5 20. Bf4 Nd5 21. Bxc7 Nxc3 22. Be5 Nxe2 23. Rae1 Ned4 24. g4 d6 25. gxf5 dxe5 26. fxg6 hxg6 27. Rxe5 Nf5 28. Rc1 Red8 29. Nb3 f6 30. Re2 Kf7 31. c5 Nh4+ 32. Kg3 g5 33. h3 Rd3+ 34. Kh2 bxc5 35. Rxc5 Rxc5 36. Nxc5 Ra3 37. Ne4 Ng6 38. Rc2 Nf4 39. Nc3 a6 40. Rc1 Nd3 41. Rc2 Nb4 42. Rc1 Nxa2 43. Nxa2 Rxa2 44. Kg3 a5 45. Rc6 a4 46. Ra6 Ra1 47. h4 gxh4+ 48. Kxh4 a3 49. Kg3 a2 50. Kf3 e5 51. Ra8 f5 52. Ra6 e4+ 53. Kf4 e3 0-1

[Event "BL 2425 SC Heimbach-Weis-Neuwied - USV T"]
[Site "?"]
[Date "2025.02.22"]
[Round "9.6"]
[White "Kraus, Tomas"]
[Black "Moehn, Hans"]
[Result "1/2-1/2"]
[WhiteElo "2451"]
[BlackElo "2386"]
[PlyCount "40"]
[EventDate "2025.??.??"]

1. d4 Nf6 2. Nf3 g6 3. b3 Bg7 4. Bb2 O-O 5. e3 b6 6. Be2 Bb7 7. O-O c5 8. dxc5 bxc5 9. c4 d6 10. Nc3 Ne4 11. Qc2 Nxc3 12. Bxc3 Bxc3 13. Qxc3 Nd7 14. Nd2 Qb6 15. Bf3 a5 16. Bxb7 Qxb7 17. a4 Qb4 18. Qc2 Rab8 19. Rab1 Nf6 20. Rb2 Rfc8 1/2-1/2